| 000 | 00755cam a2200181 a 4500 | ||
|---|---|---|---|
| 020 | _a9971690632 | ||
| 040 | _cDLC | ||
| 082 | 0 | 0 | _a333 PUB 1993 A016 Or. |
| 245 | 0 | 0 | _aNatural resources in tropical countries / |
| 260 |
_aSingapore : _bPublished by Singapore University Press with a grant from the Commonwealth Foundation and the United Nations University, _cc1983. |
||
| 300 |
_axxi, 549 p. : _bill., maps ; _c24 cm. |
||
| 500 | _aPapers presented at a workshop of the Commonwealth Geographical Bureau held in the Centre for Development Studies, University College of Swansea, Apr. 7-14, 1981. | ||
| 650 | 0 | _aNatural resources | |
| 650 | 0 | _aNatural resources | |
| 700 | 1 | _aOoi, Jin-Bee. | |
| 710 | 2 | _aCommonwealth Geographical Bureau. | |
| 942 | _cEK | ||
| 999 |
_c11978 _d11978 |
||